Rabindranath Tagore: (Record no. 180126)

MARC details
000 -LEADER
fixed length control field 00643nam a22001937a 4500
005 - DATE AND TIME OF LATEST TRANSACTION
control field 20210726144600.0
010 ## - LCCN (DPL NO)
LC control number B-740639
020 ## - INTERNATIONAL STANDARD BOOK NUMBER
International Standard Book Number 9780198076001
Terms of availability 250.00
035 ## - SYSTEM CONTROL NUMBER
System control number B-740639
037 ## - SOURCE OF ACQUISITION
Source of stock number/acquisition Gift
082 ## - DEWEY DECIMAL CLASSIFICATION NUMBER
Classification number 921
100 ## - MAIN ENTRY--PERSONAL NAME
Personal name Gupta, Uma Das
245 10 - TITLE STATEMENT
Title Rabindranath Tagore:
Remainder of title an illustrated life /
Statement of responsibility, etc by Uma Das Gupta
260 ## - PUBLICATION, DISTRIBUTION, ETC. (IMPRINT)
Place of publication, distribution, etc New Delhi
Name of publisher, distributor, etc Oxford University Press
Date of publication, distribution, etc 2013
270 ## - ADDRESS
Address YMCA Library Building, 1 Jai Singh Road
City New Delhi
Postal code 110001
300 ## - PHYSICAL DESCRIPTION
Extent x, 144p.:
Dimensions 21cm(pbk)
Other physical details ill.
942 ## - ADDED ENTRY ELEMENTS (KOHA)
Source of classification or shelving scheme Dewey Decimal Classification
Item type English Books
Call number suffix GUP
Classification part 921
Holdings
Withdrawn status Lost status Not for loan Collection code Home library Current library Date acquired Source of acquisition Cost, normal purchase price Full call number Barcode Copy number Cost, replacement price Koha item type Public note
      Non-fiction Central Library Central Library 26/07/2021 Gift/Eng/07-07-2021 250.00 921 GUP B-740639 1 250.00 English Books Gift

© Delhi Public Library
Hit Counter
free hit counter